01012nam a2200181Ia 4500008004100000020001800041050002400059100001800083245010100101260002100202300001400223505026500237650003100502700006600533952011300599952010100712999001700813121028s9999 xx 000 0 und d a970-24-0762-1 aHF5415.122 W57 2005 aWITHERS, Jean aMarketing de servicios / Jean Witers y Carol Vipperman; traducción de Roberto A. Haas García aMéxico : CECSA ax, 181 p. a 1. Introducción a la mercadotecnia de servicios 2. Prepare su organización para le mercadotecnia 3. Elabore un plan de mercadotecnia 4. Enuncie la misión de su compañía 5. Recopile los datos de su negocio 6. La quinta P 7. Recopilación de hechos s aMercadotecnia de servicios aVipperman, Carol, coaut. II.Haas García, Roberto A., tr.Ì 00104070a14b14d2009-09-14l1oHF5415.122 W57 2005p14 002181r2014-08-12s2014-02-12t1w2012-10-28yLB 00104070a14b14d2009-09-14l0oHF5415.122 W57 2005p14 002182r2012-10-28t2w2012-10-28yLB c85159d85159